Missing Word: Idioms (A-Z) Quiz Stats

 Plays Quiz Updated Jul 2, 2015

Challenge
Share
Tweet
Embed
Score 0/26 Timer 03:00
0 Plays Today
Hint Answer % Correct
Not my ___ of teacup
98.9%
Head over ______heels
96.6%
Go fly a ______!kite
96.5%
The lights are on but _______ homenobody's
96.1%
Going ____ on a limbout
95.8%
_ marks the spotX
95.6%
A rotten ______ spoils the barrelapple
95.6%
Without a shadow of a _____doubt
95.3%
Pour _____ in someone's woundssalt
94.8%
Like ______ under the bridgewater
93.9%
It takes two to _____tango
93.7%
Go jump in a _____!lake
93.2%
Go the _____ mileextra
92.7%
Hint Answer % Correct
Make a _______ out of a molehillmountain
92.3%
Knee-______ reactionjerk
92%
Within an ____ of one's lifeinch
91.9%
Be ______ on the uptakequick
87.3%
________-belliedyellow
86.2%
_______ the weatherunder
86.1%
A gut ________feeling
83%
Your ______ is cookedgoose
82.7%
Go for ______broke
82.4%
To _____ outzone
77.8%
To lift the _____ on somethingveil
69.8%
Show someone the ______ropes
65.7%
Pig in a _____poke
55.6%

Today's Daily Dose

You're not logged in!

Compare scores with friends on all Sporcle quizzes.
Join for Free
OR
Log In

You Might Also Like...

Show Comments

Extras

Top Quizzes Today


Score Distribution

Your Account Isn't Verified!

In order to create a playlist on Sporcle, you need to verify the email address you used during registration. Go to your Sporcle Settings to finish the process.

Report this User

Report this user for behavior that violates our Community Guidelines.

Details: